000 00673nam a22002537a 4500
003 UA-OsUOA
001 23093
007 ta
008 20040106b un ||||| |||| 00| 0 ukr d
100 _aКовальский Я. В.
090 _a282(091)
_bК56
942 _cBK
040 _aUA-OsUOA
_brus
_cUA-OsUOA
_dUA-OsUOA
245 _aПапы и папство
300 _a236 с.
955 _a1
041 _arus
080 _a282(091)
020 _a5-250-01237-Х
260 _aМосква
_bПолитиздат
_c1991
044 _aRU
650 7 _a282 Римсько-католицька церква (Західна церква)
_2UDC
999 _c309332
_d309332